Normal view
MARC view
Entry Personal Name
001 - CONTROL NUMBER
- control field: 19004
003 - CONTROL NUMBER IDENTIFIER
- control field: dpl
005 - DATE AND TIME OF LATEST TRANSACTION
- control field: 20100908155433.0
008 - FIXED-LENGTH DATA ELEMENTS
- fixed length control field: 100908|||a|||||| | ||| d
040 ## - CATALOGING SOURCE
- Original cataloging agency: dpl
- Transcribing agency: dpl
100 ## - HEADING--PERSONAL NAME
- Personal name: Bhosle,Asha
670 ## - SOURCE DATA FOUND
- Source citation: Work cat.: (dpl)44596: Mohd Rafi 18698, Ayee milan ki bela /, 1964
670 ## - SOURCE DATA FOUND
- Source citation: Work cat.: (dpl)44596: Mohd Rafi 18698, Ayee milan ki bela /, 1964
